Регионална библиотека "Любен Каравелов" - Русе

Европа (Запис номер 69178)

MARC детайли
000 -Лидер
Контролно поле с фиксирана дължина 01348nam a2200361 c 4500
003 - Код на организацията, давaща контролен номер
Контролно поле BLK
005 - Дата и час на последна редакция
Контролно поле 20250104162612.0
008 - Елементи от данни с фиксирана дължина
fixed length control field 180408b bul|||||r ||||||| ||bul||
010 ## - Наследен системен номер
LC control number KNG00073520000
020 ## - Международен стандартен номер на книга ISBN
Международен стандартен номер на книга ISBN 954-427-663-7
040 ## - Източник на каталожния запис
Идентификатор на билиотеката - собственик на записа BLK
041 ## - Код за език
Код за езика на текст/звукозапис или на отделно заглавие Български
Код за езика КДБФ Български
080 ## - УДК
Текстов определител УДК История на Европа
УДК код - определител по УДК 94(4)
УДК - код + определител 94(4)
100 1# - Редна дума - Автор
Автор Дейвис, Норман
Авторска отговорност първи автор
R(LIN) 267762
139 ## - Редно поле
Редна дума Дейвис, Норман
Авторски знак Деи - Д 34
245 10 - Сведения за заглавието
Заглавие Европа
Подзаглавни данни История
Редно поле (дума) Норман Дейвис; прев. Димитър Добрев.
257 ## - Страна на издаване
Страна на създаване/издаване Великобритания
260 ## - Област на издателските данни
Име на издателя, разпространителя и проч. Абагар
Година на издаване 2005
300 ## - Физическа характеристика
Страници 1343 с.
Илюстрации и др. с ил., к., 16 л. ил.
Размери/Мащаб 24 см
380 ## - Жанр
Жанр История
500 ## - Общи забележки
Забележка Ориг. загл. Europe / Norman Davies. - Съдържа и Списък на капсулите ; Историческо резюме
650 #4 - Допълнително описание по предмет – тема
Основно описание – тема или топоним Европа - история
9 (RLIN) 255665
653 ## - Ключова дума – ненормативна
Ключова дума Европа
653 ## - Ключова дума – ненормативна
Ключова дума история
700 ## - Други автори (авторска отговорност)
Лично име Димитров, Димитър Добрев
Дати, свързани с автора 1961 -
Друга информация Преводач от английски език.
9 (RLIN) 322262
852 ## - Местоположение
Форматна сигнатура Цб 232771
856 4# - Електронен адрес и достъп
Електронен формат pdf - файл
Инструкция (цена за достъп) 0.00
Права за достъп disable
856 4# - Електронен адрес и достъп
Електронен формат pdf - файл
Инструкция (цена за достъп) 0.00
Права за достъп disable
999 ## - СИСТЕМНИ КОНТРОЛНИ НОМЕРА
Koha biblionumber 69178
Koha biblioitemnumber 69178
942 ## - АРТИКУЛИ
Вид на библиотечния материал Книги
Скрит в OPAC Не
Koha issues (borrowed), all copies 11
Периодичен библиозапис Да
944 ## - СЪЗДАВАНЕ И РЕДАКЦИЯ на ЗАПИСА
Създаване/Редакция Създаване
Дата на регистрацията/редакция 28.03.2007
Служител, извършил регистрацията/редакцията 30576
Статус, дата на статуса Цветомила Тодорова
944 ## - СЪЗДАВАНЕ И РЕДАКЦИЯ на ЗАПИСА
Създаване/Редакция Редакция
Дата на регистрацията/редакция 01.12.2012
999 ## - СИСТЕМНИ КОНТРОЛНИ НОМЕРА
Koha biblioitemnumber 69178
Наличности
Код за отписване Код за изгубен артикул Код за повреда Коз за рестрикции Код за отдаване Артикулен № Име на библиотеката - собственик Име на библиотеката, в която се намира в момента Статус (Текущо местоположение) Дата на вписване в системата Местоположение - отдел Цена в лева Инвентарен номер Систематично азбучна сигнатура Баркод Номер на екземпляра Цена в евро Служебна бележка Служебен тип на артикула Източник на класификационната схема
  Не е изгубен Не е повреден без рестрикции ползва се в читалня 113500 Регионална библиотека "Любен Каравелов" Русе Регионална библиотека "Любен Каравелов" Русе Хранилище 2007-04-02 Хранилище 35.00 120000711875 Цб 232771 120000711875 1 17.90 Дост: Dp Вид: Д N: 35 Дата: 02.08.2006 Книги  
  Не е изгубен Не е повреден без рестрикции ползва се в читалня 113501 Регионална библиотека "Любен Каравелов" Русе Регионална библиотека "Любен Каравелов" Русе Читалня 2007-04-05 Читалня 35.00 120000712088 Ч 93/94/Д 34 Н 120000712088 2 17.90 Дост: Pk Вид: Ф N: 3178 Дата: 04.04.2007 Дата инв: 28.03.2017 Бележки инв: Ч2017 Книги Universal Decimal Classification
Изтеглен Не е изгубен Не е повреден без рестрикции заемане за дома 113502 Регионална библиотека "Любен Каравелов" Русе Регионална библиотека "Любен Каравелов" Русе Заемна - подръчен фонд 2007-04-10 Заемна - подръчен фонд 35.00 120000712135 П 940/Д 34 120000712135 3 17.90 Дост: DA Вид: А N: 3 Дата: 10.04.2007 Дата инв: 16.02.2018 Бележки инв: П2018 Книги Universal Decimal Classification
  Не е изгубен Не е повреден без рестрикции заемане за дома 113503 Регионална библиотека "Любен Каравелов" Русе Регионална библиотека "Любен Каравелов" Русе Заемна - подръчен фонд 2008-09-25 Заемна - подръчен фонд 35.00 120000729424 94(4)/Д 34 Н 120000729424 4 17.90 Дост: Pk Вид: Ф N: 8932 Дата: 24.09.2008 Дата инв: 06.02.2018 Бележки инв: П2018 Книги Universal Decimal Classification
  Не е изгубен Не е повреден без рестрикции заемане за дома 113504 Регионална библиотека "Любен Каравелов" Русе Регионална библиотека "Любен Каравелов" Русе Заемна - подръчен фонд 2008-09-25 Заемна - подръчен фонд 35.00 120000729425 П 94(4)/Д 34 120000729425 5 17.90 Дост: Pk Вид: Ф N: 8932 Дата: 24.09.2008 Дата инв: 06.02.2018 Бележки инв: П2018 Книги Universal Decimal Classification
  Не е изгубен Не е повреден без рестрикции заемане за дома 113505 Регионална библиотека "Любен Каравелов" Русе Регионална библиотека "Любен Каравелов" Русе Заемна - подръчен фонд 2012-11-25 Заемна - подръчен фонд 35.00 120000761415 П 94(4)/Д 34 120000761415 6 17.90 Дост: Pk Вид: Ф N: 321 Дата: 19.11.2012 Дата инв: 10.02.2018 Бележки инв: П2018 Книги Universal Decimal Classification
Vip Innovations Ltd, Rousse, Bulgaria 2025